000 00366nam a2200145 i 4500
001 bg
100 1 _aNAZAREWICZ, Ryszard
245 0 _aZ problematyki paktycznej Powstania Warszawskiego 1944 /
_cR. Nazarewicz.
250 _aWyd.2 popr.
260 _aWarszawa,
_c1985.
040 _cBPK
041 _apol
942 _cKS
008 s pl f |000 0 pol
999 _c1231
_d1231
856 _uhttp://koha.tu.koszalin.pl/cgi-bin/koha/opac-detail.pl?biblionumber=1231
_yKatalog online BPK